Los militares ante la historia /
Se comenta sobre la crisis que atraviesan los militares, el autor comenta que esta es una de las más profundas y graves. Se trata de una crisis existencial que conjuga, en sucesión de vértigo, la búsqueda desesperada de un nuevo rol y la angustia desmoralizante de la falta de perspectivas institucio...
Enregistré dans:
| Auteur principal: | |
|---|---|
| Format: | Texte |
| Sujets: | |
| Tags: |
Ajouter un tag
Pas de tags, Soyez le premier à ajouter un tag!
|
MARC
| LEADER | 00000 a a2200000 04500 | ||
|---|---|---|---|
| 001 | 2099 | ||
| 003 | |||
| 040 | |||
| 100 | |a Meza, Víctor Orlando | ||
| 245 | |a Los militares ante la historia / |c Víctor Orlando Meza | ||
| 520 | |a Se comenta sobre la crisis que atraviesan los militares, el autor comenta que esta es una de las más profundas y graves. Se trata de una crisis existencial que conjuga, en sucesión de vértigo, la búsqueda desesperada de un nuevo rol y la angustia desmoralizante de la falta de perspectivas institucionales. Crisis de identidad más que de crecimiento crisis de incertidumbre ante lo indefinido e incierto. Se reflexiona sobre la historia del militarismo, los años de esplendor y poderío , los tiempos aquellos en que la institución castrense era y actuaba como el poder fáctico por excelencia, el factotum, el eje, la clave, el punto de partida y de llegada de todas las grandes decisiones nacionales. Eran los tiempos en que la institución militar controlaba todos los circuitos del poder y mantenía al Estado entero en su puño de hierro. La forma no importaba: podía ser una versión directa y de facto o podía ser a través de gobiernos "legitimados" por la vía mañosa de las elecciones "estilo Honduras". Lo importante era el control del poder. Fue entonces cuando empezaron a conformase las bases de lo que luego llegó a ser el autoritarismo militar, esa forma vertical y excluyente de practicar el gobierno, ese sistema de valores totalitarios que impregnó de un modo profundo y nocivo la cultura política del país, coartando sus iniciales posibilidades democráticas y demorando así, de manera terrible, la cita de Honduras con la historia y la modernidad. HMBQ/HMBQ | ||
| 650 | |a FUERZAS ARMADAS | ||
| 650 | |a HISTORIA | ||
| 650 | |a ASPECTOS POLITICOS | ||
| 650 | |a CRISIS | ||
| 650 | |a ESTADO | ||
| 773 | |g número 192; páginas 10-12 | ||
| 999 | |c 22599 |d 22599 | ||
